000 00587aam a2200217 4500
005 20250729142117.0
008 150730b1982 xxu||||| |||| 00| 0 spa d
041 _aESP
082 _a333.7 A678a
110 _aCentro Científico Tropical
245 _aÁreas potenciales para unidades de conservación de recursos naturales en Costa Rica
260 _aCosta Rica
260 _bMinisterio de la Presidencia
260 _c1982
300 _a307 páginas
490 _aTurismo
650 _aCOSTA RICA
650 _aECOLOGÍA
650 _aRECURSOS NATURALES
942 _cBK
_2ddc
999 _c402
_d402